000 00567nam a22001937a 4500
999 _c195380
_d195380
005 20230405151347.0
010 _aENG-136491
020 _a9788192495804
_c3000.00
035 _aEN-120023
037 _bDBAD/PUB
082 _a551.4830223
100 _aRudra,Kalyan
245 _aAltas Of Changing River Courses In West Bengal /
_cBy Kalyan Rudra
250 _aFirst
260 _bSea Explorers Institute
_aKolkata
_c2017
270 _bKolkata
_e700021
_aOutram Ghat
300 _a132p.;
_c47cm(hbk)
_bill.
942 _2ddc
_cEN
_h551.4830223
_mKAL